Jews, Christians, and the theology of the Hebrew scriptures / (Record no. 8030)

MARC details
000 -LEADER
fixed length control field 01470cam a22003134a 4500
001 - CONTROL NUMBER
control field 12129698
003 - CONTROL NUMBER IDENTIFIER
control field GBCCL
005 - DATE AND TIME OF LATEST TRANSACTION
control field 20241126110641.0
008 - FIXED-LENGTH DATA ELEMENTS--GENERAL INFORMATION
fixed length control field 000803s2000 gau b 001 0 eng
010 ## -
-- 00061930
020 ## - INTERNATIONAL STANDARD BOOK NUMBER
International Standard Book Number 0884140253 (pbk. : alk. paper)
040 ## - CATALOGING SOURCE
Original cataloging agency DLC
Transcribing agency DLC
Modifying agency DLC
042 ## -
-- pcc
050 00 -
-- BS1192.5.A1
-- J48 2000
082 00 - DEWEY DECIMAL CLASSIFICATION NUMBER
Classification number 221.6
Edition information 21
Item number JEW
245 00 - TITLE STATEMENT
Title Jews, Christians, and the theology of the Hebrew scriptures /
Statement of responsibility, etc. Alice Ogden Bellis and Joel S. Kaminsky, editors.
260 ## - PUBLICATION, DISTRIBUTION, ETC.
Place of publication, distribution, etc. Atlanta :
Name of publisher, distributor, etc. Society of Biblical Literature,
Date of publication, distribution, etc. c2000.
300 ## - PHYSICAL DESCRIPTION
Extent xiv, 450 p. ;
Dimensions 23 cm.
490 1# - SERIES STATEMENT
Series statement SBL symposium series ;
Volume/sequential designation no. 8
504 ## - BIBLIOGRAPHY, ETC. NOTE
Bibliography, etc. note Includes bibliographical references (p. [387]-426) and indexes.
630 00 - SUBJECT ADDED ENTRY--UNIFORM TITLE
Uniform title Bible.
Name of part/section of a work Old Testament
General subdivision Theology.
9 (RLIN) 2493
630 00 - SUBJECT ADDED ENTRY--UNIFORM TITLE
Uniform title Bible.
Name of part/section of a work Old Testament
General subdivision Criticism, interpretation, etc.
9 (RLIN) 57
700 1# - ADDED ENTRY--PERSONAL NAME
Personal name Bellis, Alice Ogden,
Dates associated with a name 1950-
9 (RLIN) 14023
700 1# - ADDED ENTRY--PERSONAL NAME
Personal name Kaminsky, Joel S.,
Dates associated with a name 1960-
9 (RLIN) 14024
830 #0 -
-- Symposium series (Society of Biblical Literature) ;
-- no. 8.
-- 14025
906 ## - LOCAL DATA ELEMENT F, LDF (RLIN)
a 7
b cbc
c orignew
d 1
e ocip
f 20
g y-gencatlg
942 ## - ADDED ENTRY ELEMENTS (KOHA)
Source of classification or shelving scheme Dewey Decimal Classification
Koha item type Books
Holdings
Withdrawn status Lost status Source of classification or shelving scheme Damaged status Not for loan Home library Current Library Shelving location Date acquired Source of acquisition Cost, normal purchase price Total checkouts Full call number Barcode Date last seen Copy number Cost, replacement price Price effective from Koha item type
    Dewey Decimal Classification     GRACE BIBLE COLLEGE GRACE BIBLE COLLEGE Biblical Studies 2019-05-14 13 2528.00   221.6 JEW 014937 2025-05-01 c.1 2528.00 2019-05-14 Books
© Grace Bible College Library 2025